Revista internacional de protocolo (Record no. 2852)
[ view plain ]
| 000 -LEADER | |
|---|---|
| campo de control de longitud fija | 00868nas a2200265 i 4500 |
| 001 - NÚMERO DE CONTROL | |
| campo de control | 2852 |
| 003 - IDENTIFICADOR DE NÚMERO DE CONTROL | |
| campo de control | ES-MaACL |
| 005 - FECHA Y HORA DE LA ÚLTIMA TRANSACCIÓN | |
| campo de control | 20250326205039.0 |
| 007 - CAMPO FIJO DE DESCRIPCIÓN FÍSICA--INFORMACIÓN GENERAL | |
| campo de control de longitud fija | t| |
| 008 - DATOS DE LONGITUD FIJA--INFORMACIÓN GENERAL | |
| campo de control de longitud fija | 010702d19952010sp q| | 0 ||pa d |
| 022 ## - NÚMERO INTERNACIONAL NORMALIZADO PARA PUBLICACIONES SERIADAS | |
| Número Internacional Normalizado para Publicaciones Seriadas | 1135-9692 |
| 080 ## - NÚMERO DE LA CLASIFICACIÓN DECIMAL UNIVERSAL | |
| Número de la Clasificación Decimal Universal | 929 |
| 245 00 - MENCIÓN DEL TÍTULO | |
| Título | Revista internacional de protocolo |
| Resto del título | : ceremonial, etiqueta, heráldica, nobiliaria y vexilología. |
| 260 ## - PUBLICACIÓN, DISTRIBUCIÓN, ETC. | |
| Lugar de publicación, distribución, etc. | Oviedo : |
| Nombre del editor, distribuidor, etc. | Instituto de Estudios de Protocolo, |
| Fecha de publicación, distribución, etc. | 1995-2010. |
| 300 ## - DESCRIPCIÓN FÍSICA | |
| Extensión | 2 v. ; |
| Dimensiones | 32 cm. |
| 310 ## - PERIODICIDAD ACTUAL | |
| Periodicidad actual | Trimestral |
| 362 0# - FECHAS DE PUBLICACIÓN Y/O DESIGNACIÓN SECUENCIAL | |
| Fecha de publicación y/o designación secuencial | N. 1 (sept. 1995)-n. 55 (abr.-mayo-jun. 2010) |
| 650 17 - PUNTO DE ACCESO ADICIONAL DE MATERIA--TÉRMINO DE MATERIA | |
| Término de materia o nombre geográfico como elemento de entrada | Heráldica |
| Fuente del encabezamiento o término | embne |
| 9 (RLIN) | 235652 |
| 655 #7 - TERMINO DE INDIZACIÓN--GENERO/FORMA | |
| Fuente del término | tgfbne |
| 9 (RLIN) | 226866 |
| Datos o término principal de género/forma | Revistas |
| 710 2# - ENTRADA AGREGADA--NOMBRE DE ENTIDAD CORPORATIVA | |
| Nombre de entidad corporativa o nombre de jurisdicción como elemento de entrada | Instituto de Estudios de Protocolo. |
| 9 (RLIN) | 4898 |
| 852 ## - LOCALIZACIÓN | |
| Ubicación | ES-MaACL |
| Número de control de estantería | HEM-1996 |
| Ubicación en estantería | Hemeroteca |
| 866 #0 - MENCIÓN TEXTUAL DE FONDOS--UNIDAD BIBLIOGRÁFICA BÁSICA | |
| Fondos | 1995-2001(n 1-18). |
| Nota pública | Los números 15-18 en formato CD-ROM |
| 942 ## - ELEMENTOS DE ENTRADA SECUNDARIOS (KOHA) | |
| Fuente del sistema de clasificación o colocación | Clasificación decimal universal |
| Estatus retirado | Estado de pérdida | Estado de daño | No para préstamo | Colección | Biblioteca de origen | Biblioteca actual | Ubicación en estantería | Fecha de adquisición | Fuente de adquisición | Total de préstamos | Signatura topográfica completa | Código de barras | Visto por última vez | Precio de reemplazo | Tipo de ítem Koha |
|---|---|---|---|---|---|---|---|---|---|---|---|---|---|---|---|
| Periódicos y Revistas | Biblioteca del Ateneo de Madrid | Biblioteca del Ateneo de Madrid | Hemeroteca | 17/01/2008 | Hem-1996 | 1002910 | 23/02/2023 | 23/02/2023 | Revista |
